| Registos Bibliográficos associados ao registo de autoridade |
|
Etiqueta de registo: 00254nam 2200025 450 001 2283823 003 http://id.bnportugal.gov.pt/bib/catbnp/2283823 021 ## $aPT$b560059/26 100 ## $a20260407d2026 m y0pory01030103ba 101 0# $apor 102 ## $aPT 105 ## $aa z 000yy 106 ## $ar 200 1# $aBombeiros de Loures, 1887-2024$fcoord. Ana Paula Assunção$gtextos Acácio Severino... [et al.]$gcontrib. Manuel Augusto Raso dos Santos, Maria Albertina Antunes Pedroso Inácio 205 ## $a1ª ed 210 #9 $aLoures$cAssociação Humanitária de Bombeiros Voluntários de Loures,$d2026 215 ## $a445, [42] p.$cil.$d30 cm 701 #1 $aSeverino,$bAcácio,$f1956-$4070$31994927 702 #1 $aAssunção,$bAna Paula,$f1957-$4340$3111378 702 #1 $aSantos,$bManuel Augusto Raso dos$4205$31994929 702 #1 $aInácio,$bMaria Albertina Antunes Pedroso$4205$31994931 801 #0 $aPT$bBN$gRPC 966 ## $lBN$mFGMON$x1 966 ## $lBN$mFGMON$x1 971 ## $cssilva$d20260407
|
|
|